000 01405nam a2200361 a 4500
001 ebr10676535
003 CaPaEBR
006 m u
007 cr cn|||||||||
008 081209s2009 nyua sb 001 0 eng d
010 _z 2008050982
020 _z9781606927199 (hardcover)
020 _z1606927191 (hardcover)
020 _z9781614705796 (e-book)
040 _aCaPaEBR
_cCaPaEBR
035 _a(OCoLC)834603869
050 1 4 _aQK882
_b.P5579 2009eb
082 0 4 _a660.6
_222
245 0 0 _aPhotosynthesis
_h[electronic resource] :
_btheory and applications in energy, biotechnology and nanotechnology /
_cThomas B. Buchner and Nicolas H. Ewingen, editors.
260 _aNew York :
_bNova Science Publishers, Inc.,
_cc2009.
300 _axi, 255 p. :
_bill.
504 _aIncludes bibliographical references and index.
533 _aElectronic reproduction.
_bPalo Alto, Calif. :
_cebrary,
_d2013.
_nAvailable via World Wide Web.
_nAccess may be limited to ebrary affiliated libraries.
650 0 _aPhotosynthesis.
650 0 _aEnergy transfer.
650 0 _aBiotechnology.
650 0 _aNanotechnology.
655 7 _aElectronic books.
_2local
700 1 _aBuchner, Thomas B.
700 1 _aEwingen, Nicolas H.
710 2 _aebrary, Inc.
856 4 0 _uhttp://site.ebrary.com/lib/rucke/Doc?id=10676535
_zAn electronic book accessible through the World Wide Web; click to view
999 _c166354
_d166354